Research

Guardado en:
Detalles Bibliográficos
Autor principal: Bax, Steve
Formato: Libro
Lenguaje:inglés
Publicado: London Kogan Page 2013
Colección:Cambridge marketing handbook
Materias:
Etiquetas: Agregar Etiqueta
Sin Etiquetas, Sea el primero en etiquetar este registro!

MARC

LEADER 00000nam a2200000 4500
001 0201924
005 20230109114832.9
020 |a 978-0-7494-7069-2 
041 0 |a eng 
044 |a GB 
245 1 0 |a Research  |c Steve Bax 
264 1 |a London  |b Kogan Page  |c 2013 
300 |a 135 s. 
490 1 |a Cambridge marketing handbook 
830 0 |a Cambridge marketing handbook 
610 2 0 |a trh 
610 2 0 |a marketing 
610 2 0 |a výskum 
610 2 0 |a plánovanie 
610 2 0 |a výskum trhu 
610 2 0 |a metodológia 
610 2 0 |a dáta 
610 2 0 |a metódy výskumu 
610 2 0 |a techniky výskumné 
610 2 0 |a digitalizácia 
610 2 0 |a etika 
100 1 |a Bax, Steve